[Event "Pardubice Czech op-E 35th"]
[Site "Pardubice"]
[Date "2024.07.12"]
[Round "3.1"]
[White "Kula, Dominik"]
[Black "Straka, Vojtech"]
[Result "1/2-1/2"]
[WhiteElo "2239"]
[BlackElo "2437"]
[PlyCount "53"]
[EventDate "2024.07.11"]
[EventType "team-swiss"]
[EventRounds "7"]
[EventCountry "CZE"]
[SourceTitle "CBM 221 Extra"]
[Source "ChessBase"]
[SourceDate "2024.09.30"]
[SourceVersion "1"]
[SourceVersionDate "2024.09.30"]
[SourceQuality "1"]
[WhiteTeam "Zatim bez nazvu"]
[BlackTeam "Praha Oaza"]
[WhiteTeamCountry "CZE"]
[BlackTeamCountry "CZE"]

1. e4 c5 2. Nf3 Nc6 3. Bb5 e6 4. 0-0 Nge7 5. b3 a6 6. Bxc6 Nxc6 7. Bb2 b5 8. d4 cxd4 9. Nxd4 Bb7 10. a4 bxa4 11. Rxa4 Be7 12. Nd2 Nxd4 13. Bxd4 0-0 14. Qg4 f6 15. Rfa1 e5 16. Be3 d5 17. Qe6+ Rf7 18. Bb6 Qe8 19. c4 dxe4 20. c5 Qb5 21. Nxe4 Bf8 22. Nc3 Qd3 23. Qc4 Qg6 24. Qg4 Qc2 25. Qc4 Qg6 26. Qg4 Qc2 27. Qc4 1/2-1/2

[Event "CZE-chT 2324"]
[Site "Czech Republic"]
[Date "2024.02.10"]
[Round "7.6"]
[White "Straka, Vojtech"]
[Black "Kraus, Tomas"]
[Result "0-1"]
[WhiteElo "2436"]
[BlackElo "2491"]
[PlyCount "68"]
[EventDate "2023.10.14"]
[EventType "team-tourn"]
[EventRounds "11"]
[EventCountry "CZE"]
[SourceTitle "EXT 2025"]
[Source "ChessBase"]
[SourceDate "2024.10.14"]
[SourceVersion "1"]
[SourceVersionDate "2024.10.14"]
[SourceQuality "1"]
[WhiteTeam "Brno Moravska Slavia"]
[BlackTeam "Lysa nad Labem"]
[WhiteTeamCountry "CZE"]
[BlackTeamCountry "CZE"]

1. c4 e6 2. Nc3 d5 3. d4 Bb4 4. a3 Bxc3+ 5. bxc3 c5 6. e3 Ne7 7. Nf3 0-0 8. Be2 Qc7 9. cxd5 exd5 10. 0-0 Nd7 11. a4 c4 12. Ba3 Re8 13. Nd2 Nf6 14. Bxe7 Rxe7 15. Qb1 g6 16. a5 Bf5 17. Qb4 h5 18. Rfe1 Kg7 19. Bf3 Rd8 20. h4 Ng4 21. g3 Rxe3 22. Rxe3 Nxe3 23. Qb5 a6 24. Qb2 Ng4 25. Bxg4 hxg4 26. Nf1 Re8 27. Qd2 Be4 28. Ne3 Bf3 29. Kh2 Re6 30. Qb2 b5 31. axb6 Rxb6 32. Qd2 Qb8 33. Ng2 Rb2 34. Qe1 Re2 0-1

[Event "CZE-chT1W 2324"]
[Site "Czech Republic"]
[Date "2024.02.04"]
[Round "7.2"]
[White "Rydl, Jiri"]
[Black "Straka, Vojtech"]
[Result "1/2-1/2"]
[WhiteElo "2404"]
[BlackElo "2436"]
[PlyCount "65"]
[EventDate "2023.10.29"]
[EventType "team-tourn"]
[EventRounds "11"]
[EventCountry "CZE"]
[SourceTitle "EXT 2025"]
[Source "ChessBase"]
[SourceDate "2024.10.14"]
[SourceVersion "1"]
[SourceVersionDate "2024.10.14"]
[SourceQuality "1"]
[WhiteTeam "Vlasim Spartak"]
[BlackTeam "Praha Oaza"]
[WhiteTeamCountry "CZE"]
[BlackTeamCountry "CZE"]

1. c4 c5 2. Nc3 g6 3. g3 Bg7 4. Bg2 Nc6 5. Nf3 d6 6. a3 e6 7. b4 Nge7 8. Rb1 0-0 9. 0-0 b6 10. e3 Bb7 11. Qb3 Qd7 12. Rd1 Rac8 13. Bb2 e5 14. d3 h6 15. Qa4 Rfd8 16. Rd2 g5 17. Ne1 Kh8 18. Nd5 f5 19. f4 Nxd5 20. Bxd5 exf4 21. gxf4 gxf4 22. exf4 Nd4 23. Qxd7 Rxd7 24. Bxb7 Rxb7 25. Kf2 Re8 26. Nc2 Nxc2 27. Rxc2 Rbe7 28. Rg1 Bxb2 29. Rxb2 Kh7 30. Rd2 Re3 31. Rg3 Re1 32. Rg1 R1e3 33. Rg3 1/2-1/2

[Event "CZE-chT1W 2324"]
[Site "Czech Republic"]
[Date "2024.01.07"]
[Round "5.3"]
[White "Straka, Vojtech"]
[Black "Stehno, Pavel"]
[Result "1-0"]
[WhiteElo "2436"]
[BlackElo "2325"]
[PlyCount "35"]
[EventDate "2023.10.29"]
[EventType "team-tourn"]
[EventRounds "11"]
[EventCountry "CZE"]
[SourceTitle "EXT 2025"]
[Source "ChessBase"]
[SourceDate "2024.10.14"]
[SourceVersion "1"]
[SourceVersionDate "2024.10.14"]
[SourceQuality "1"]
[WhiteTeam "Praha Oaza"]
[BlackTeam "Praha Bohemians"]
[WhiteTeamCountry "CZE"]
[BlackTeamCountry "CZE"]

1. d4 Nf6 2. c4 g6 3. Nc3 Bg7 4. e4 d6 5. h3 0-0 6. Be3 e5 7. d5 Na6 8. g4 Nc5 9. f3 a5 10. Qd2 a4 11. Nge2 c6 12. Ng3 h5 13. Bg5 h4 14. Nge2 cxd5 15. Nxd5 Ne6 16. Be3 Nxd5 17. exd5 Nc5 18. Nc3 1-0

[Event "CZE-chT 2324"]
[Site "Czech Republic"]
[Date "2023.12.16"]
[Round "3.2"]
[White "Biolek, Richard Jr"]
[Black "Straka, Vojtech"]
[Result "1-0"]
[WhiteElo "2409"]
[BlackElo "2436"]
[PlyCount "63"]
[EventDate "2023.10.14"]
[EventType "team-tourn"]
[EventRounds "11"]
[EventCountry "CZE"]
[SourceTitle "EXT 2025"]
[Source "ChessBase"]
[SourceDate "2024.10.14"]
[SourceVersion "1"]
[SourceVersionDate "2024.10.14"]
[SourceQuality "1"]
[WhiteTeam "Poruba Slavoj"]
[BlackTeam "Brno Moravska Slavia"]
[WhiteTeamCountry "CZE"]
[BlackTeamCountry "CZE"]

1. e4 c5 2. Nf3 Nc6 3. d4 cxd4 4. Nxd4 Nf6 5. Nc3 e5 6. Ndb5 d6 7. Nd5 Nxd5 8. exd5 Nb8 9. c4 Be7 10. Bd3 a6 11. Nc3 0-0 12. 0-0 f5 13. f3 Nd7 14. Kh1 Nf6 15. f4 exf4 16. Bxf4 Ng4 17. h3 Ne5 18. c5 Ng6 19. Bh2 dxc5 20. d6 Bf6 21. Bxf5 Bxf5 22. Rxf5 b6 23. Qd5+ Kh8 24. Raf1 h6 25. Ne4 Bxb2 26. Rxf8+ Nxf8 27. Rf7 Nh7 28. d7 Nf6 29. Nxf6 Bxf6 30. Bc7 Qg8 31. Qxa8 Qxa8 32. Rxf6 1-0

[Event "Pardubice Czech op-E 34th"]
[Site "Pardubice"]
[Date "2023.07.14"]
[Round "3"]
[White "Slampa, Jan"]
[Black "Straka, Vojtech"]
[Result "0-1"]
[WhiteElo "2227"]
[BlackElo "2433"]
[PlyCount "96"]
[EventDate "2023.07.13"]
[EventType "team-swiss"]
[EventRounds "7"]
[EventCountry "CZE"]
[SourceTitle "CBM 215 Extra"]
[Source "ChessBase"]
[SourceDate "2023.09.30"]
[SourceVersion "1"]
[SourceVersionDate "2023.09.30"]
[SourceQuality "1"]
[WhiteTeam "Tuhy Koren"]
[BlackTeam "Brno Moravska Slavia"]
[WhiteTeamCountry "CZE"]
[BlackTeamCountry "CZE"]

1. d4 d5 2. c4 e6 3. Nc3 Nf6 4. cxd5 exd5 5. Bg5 c6 6. Qc2 Nbd7 7. e3 h6 8. Bh4 g5 9. Bg3 Nh5 10. Bd3 Nxg3 11. hxg3 Bg7 12. 0-0-0 Nb6 13. Kb1 Be6 14. Nge2 Qe7 15. Nc1 0-0-0 16. Nb3 Kb8 17. Nc5 Bc8 18. Ne2 Qf6 19. Nc1 h5 20. a4 h4 21. gxh4 gxh4 22. Rd2 Nc4 23. Bxc4 dxc4 24. Qxc4 Qg6+ 25. N1d3 Qxg2 26. Rdd1 Qd5 27. Qxd5 Rxd5 28. Nf4 Rg5 29. Ka2 Bf5 30. Rh2 Bf8 31. Ncd3 Bd6 32. Ne5 Bxe5 33. dxe5 Bc8 34. Nd3 h3 35. f4 Rg3 36. Re1 Rd8 37. Nc1 Be6+ 38. b3 Bg4 39. Kb2 Rd1 40. Rxd1 Bxd1 41. Kc3 Bg4 42. Kd4 Rg2 43. Rh1 Rd2+ 44. Kc3 Rd1 45. Rxd1 Bxd1 46. Nd3 h2 47. Nf2 Bf3 48. f5 Kc7 0-1

[Event "Klatovy op-A 29th"]
[Site "Klatovy"]
[Date "2023.07.09"]
[Round "9"]
[White "Hurdzan, Tomas"]
[Black "Straka, Vojtech"]
[Result "1-0"]
[WhiteElo "2309"]
[BlackElo "2433"]
[PlyCount "113"]
[EventDate "2023.07.01"]
[EventType "swiss"]
[EventRounds "9"]
[EventCountry "CZE"]
[SourceTitle "CBM 215 Extra"]
[Source "ChessBase"]
[SourceDate "2023.09.30"]
[SourceVersion "1"]
[SourceVersionDate "2023.09.30"]
[SourceQuality "1"]

1. c4 c5 2. Nf3 Nf6 3. Nc3 e6 4. g3 d5 5. cxd5 exd5 6. d4 cxd4 7. Nxd4 Bc5 8. Bg2 Nc6 9. Nb3 Bb6 10. 0-0 d4 11. Na4 0-0 12. Bg5 h6 13. Bxf6 Qxf6 14. Nxb6 axb6 15. Bxc6 bxc6 16. Qxd4 Qd8 17. Rfd1 Be6 18. Qxd8 Rfxd8 19. Rxd8+ Rxd8 20. Kf1 Bxb3 21. axb3 Rd2 22. Rb1 Rd4 23. Rc1 c5 24. Ke1 Kf8 25. Rc4 Rd5 26. b4 Ke7 27. bxc5 bxc5 28. Rc3 Rh5 29. h4 Kd6 30. Rf3 Ke6 31. Kd2 g5 32. hxg5 hxg5 33. Kc3 Rh1 34. Kc4 Rb1 35. b3 Rc1+ 36. Rc3 Rf1 37. Kxc5 Rxf2 38. Re3+ Kd7 39. Kb6 f5 40. b4 f4 41. gxf4 Rxf4 42. b5 g4 43. Kb7 Kd6 44. b6 Kd5 45. Re7 Re4 46. Rg7 Ke6 47. Ka6 Kf6 48. Rg8 Kf7 49. b7 Re6+ 50. Kb5 Kxg8 51. b8Q+ Kg7 52. Qf4 Rg6 53. Qg3 Kf6 54. Kc4 Kf5 55. Kd5 Rh6 56. e4+ Kg5 57. Qe3+ 1-0

[Event "Klatovy op-A 29th"]
[Site "Klatovy"]
[Date "2023.07.08"]
[Round "8"]
[White "Straka, Vojtech"]
[Black "Horak, Martin"]
[Result "1/2-1/2"]
[WhiteElo "2433"]
[BlackElo "2266"]
[PlyCount "57"]
[EventDate "2023.07.01"]
[EventType "swiss"]
[EventRounds "9"]
[EventCountry "CZE"]
[SourceTitle "CBM 215 Extra"]
[Source "ChessBase"]
[SourceDate "2023.09.30"]
[SourceVersion "1"]
[SourceVersionDate "2023.09.30"]
[SourceQuality "1"]

1. d4 Nf6 2. c4 e6 3. g3 Bb4+ 4. Nd2 c5 5. a3 Bxd2+ 6. Qxd2 cxd4 7. Nf3 b6 8. Qxd4 Bb7 9. Bg2 Nc6 10. Qc3 Rc8 11. b4 0-0 12. Bb2 d5 13. cxd5 Na5 14. Qd3 Nc4 15. Bd4 Bxd5 16. 0-0 Re8 17. Rfd1 e5 18. Bc3 Qe7 19. Nxe5 Nxe5 20. Bxe5 Qxe5 21. Bxd5 Nxd5 22. Qxd5 Qxe2 23. Rd2 Qe5 24. Qxe5 Rxe5 25. Rd7 a5 26. Rad1 g6 27. R1d6 axb4 28. axb4 Rf5 29. Rd8+ 1/2-1/2

[Event "CZE-chT 2223"]
[Site "Czech Republic"]
[Date "2023.03.24"]
[Round "9.3"]
[White "Straka, Vojtech"]
[Black "Nagy, Gabor"]
[Result "1-0"]
[WhiteElo "2424"]
[BlackElo "2488"]
[PlyCount "97"]
[EventDate "2022.10.15"]
[EventType "team-tourn"]
[EventRounds "11"]
[EventCountry "CZE"]
[SourceTitle "CBM 213 Extra"]
[Source "ChessBase"]
[SourceDate "2023.05.31"]
[SourceVersion "1"]
[SourceVersionDate "2023.05.31"]
[SourceQuality "1"]
[WhiteTeam "Oaza Loznice.cz"]
[BlackTeam "Ingem Line"]
[WhiteTeamCountry "CZE"]
[BlackTeamCountry "CZE"]

1. c4 c5 2. Nf3 Nc6 3. Nc3 Nf6 4. d4 cxd4 5. Nxd4 Qb6 6. e3 e6 7. Be2 Be7 8. 0-0 0-0 9. b3 d5 10. Nxc6 bxc6 11. Bb2 Rd8 12. Qc2 e5 13. Na4 Qb8 14. Rfd1 Be6 15. Rac1 Bd6 16. h3 a5 17. Bd3 g6 18. Qe2 Ra7 19. cxd5 cxd5 20. Nc5 Bc8 21. Rc2 Rc7 22. Rdc1 Qa7 23. Qf3 Kg7 24. Qg3 Re8 25. Bb5 Ree7 26. Nd3 Rxc2 27. Rxc2 Bf5 28. Rc6 Ne4 29. Qh4 g5 30. Qh5 Qb8 31. a4 f6 32. f4 Bg6 33. Qf3 exf4 34. exf4 gxf4 35. Bd4 Be5 36. Nxe5 fxe5 37. Qxf4 Kg8 38. Qc1 Kg7 39. Qf4 Kg8 40. Qc1 Kg7 41. Be3 h5 42. Rc8 Qd6 43. Bh6+ Kh7 44. Bf8 Qb6+ 45. Kh2 Rg7 46. Bxg7 Kxg7 47. Rc7+ Bf7 48. Be8 Nd6 49. Qg5+ 1-0

[Event "CZE-chT1E 2223"]
[Site "Czech Republic"]
[Date "2022.10.09"]
[Round "2.4"]
[White "Belunek, Vladimir"]
[Black "Straka, Vojtech"]
[Result "1/2-1/2"]
[WhiteElo "2177"]
[BlackElo "2424"]
[PlyCount "30"]
[EventDate "2022.10.08"]
[EventType "team-tourn"]
[EventRounds "11"]
[EventCountry "CZE"]
[SourceTitle "CBM 210 Extra"]
[Source "ChessBase"]
[SourceDate "2022.11.30"]
[SourceVersion "1"]
[SourceVersionDate "2022.11.30"]
[SourceQuality "1"]
[WhiteTeam "Ostrava"]
[BlackTeam "Brno Moravska Slavia II"]
[WhiteTeamCountry "CZE"]
[BlackTeamCountry "CZE"]

1. d4 Nf6 2. c4 e6 3. Nf3 c5 4. d5 exd5 5. cxd5 Bd6 6. Nc3 Bc7 7. e4 d6 8. b3 a6 9. a4 Ba5 10. Bd3 Nbd7 11. 0-0 0-0 12. Bf4 Qe7 13. Re1 Ne5 14. Nxe5 dxe5 15. Bg3 Bd7 1/2-1/2

[Event "Klatovy op 28th"]
[Site "Klatovy"]
[Date "2022.07.08"]
[Round "7"]
[White "Eret, Matous"]
[Black "Straka, Vojtech"]
[Result "0-1"]
[WhiteElo "2273"]
[BlackElo "2421"]
[PlyCount "44"]
[EventDate "2022.07.02"]
[EventType "swiss"]
[EventRounds "9"]
[EventCountry "CZE"]
[SourceTitle "EXT 2023"]
[Source "ChessBase"]
[SourceDate "2022.10.05"]
[SourceVersion "1"]
[SourceVersionDate "2022.10.05"]
[SourceQuality "1"]

1. f4 c5 2. Nf3 g6 3. e3 Bg7 4. d4 d5 5. c3 Nf6 6. Bd3 0-0 7. 0-0 b6 8. Nbd2 Ba6 9. Bxa6 Nxa6 10. Qe2 Nc7 11. Ne5 Nce8 12. g4 Nd6 13. Ndf3 Nfe4 14. Bd2 f6 15. Nd3 Qd7 16. Qg2 Qb5 17. Qe2 c4 18. Nb4 a5 19. a4 Qd7 20. Nc2 Qxg4+ 21. Kh1 e5 22. Rg1 Qh5 0-1

[Event "Klatovy op 28th"]
[Site "Klatovy"]
[Date "2022.07.02"]
[Round "1"]
[White "Bartonicek, Zdenek"]
[Black "Straka, Vojtech"]
[Result "0-1"]
[WhiteElo "1976"]
[BlackElo "2421"]
[PlyCount "72"]
[EventDate "2022.07.02"]
[EventType "swiss"]
[EventRounds "9"]
[EventCountry "CZE"]
[SourceTitle "EXT 2023"]
[Source "ChessBase"]
[SourceDate "2022.10.05"]
[SourceVersion "1"]
[SourceVersionDate "2022.10.05"]
[SourceQuality "1"]

1. e4 c5 2. Nc3 g6 3. f4 Bg7 4. Nf3 Nc6 5. Bb5 Nd4 6. 0-0 a6 7. Bc4 e6 8. a4 Ne7 9. d3 0-0 10. Ba2 d5 11. e5 Nec6 12. Ne2 Nxf3+ 13. Rxf3 f6 14. exf6 Qxf6 15. c3 d4 16. Bd2 Kh8 17. Ng3 dxc3 18. bxc3 Bd7 19. Ne4 Qe7 20. Be3 b6 21. Rb1 Rab8 22. Qe1 e5 23. Qg3 Bf5 24. Bd5 Qd7 25. Bc4 Na5 26. Bxa6 c4 27. Ng5 Bxd3 28. Rd1 Qxa4 29. Rxd3 cxd3 30. Bxd3 Qd1+ 31. Bf1 Nc4 32. Qh4 h6 33. Ne6 Nxe3 34. Nxg7 Nxf1 35. Qxh6+ Kg8 36. Rxf1 Qd7 0-1

[Event "CZE-chT1W 2122"]
[Site "Czech Republic"]
[Date "2022.02.20"]
[Round "9.4"]
[White "Konopka, Michal"]
[Black "Straka, Vojtech"]
[Result "1/2-1/2"]
[WhiteElo "2381"]
[BlackElo "2402"]
[PlyCount "34"]
[EventDate "2021.10.10"]
[EventType "team-tourn"]
[EventRounds "11"]
[EventCountry "CZE"]
[SourceTitle "EXT 2023"]
[Source "ChessBase"]
[SourceDate "2022.10.05"]
[SourceVersion "1"]
[SourceVersionDate "2022.10.05"]
[SourceQuality "1"]
[WhiteTeam "Praha DP EA Hotels"]
[BlackTeam "Praha Oaza"]
[WhiteTeamCountry "CZE"]
[BlackTeamCountry "CZE"]

1. d4 d5 2. Nf3 Nf6 3. c4 c6 4. Qb3 dxc4 5. Qxc4 Bf5 6. g3 e6 7. Bg2 Be7 8. 0-0 0-0 9. e3 Nbd7 10. Rd1 Qc7 11. Qe2 Rfe8 12. Nc3 Ne4 13. Ne1 Nxc3 14. bxc3 e5 15. e4 Bg6 16. Nd3 Rad8 17. Be3 f6 1/2-1/2

[Event "CZE-chT 2122"]
[Site "Czech Republic"]
[Date "2022.02.12"]
[Round "9.4"]
[White "Rubes, Jan"]
[Black "Straka, Vojtech"]
[Result "1/2-1/2"]
[WhiteElo "2400"]
[BlackElo "2402"]
[PlyCount "123"]
[EventDate "2021.10.15"]
[EventType "team-tourn"]
[EventRounds "15"]
[EventCountry "CZE"]
[SourceTitle "EXT 2023"]
[Source "ChessBase"]
[SourceDate "2022.10.05"]
[SourceVersion "1"]
[SourceVersionDate "2022.10.05"]
[SourceQuality "1"]
[WhiteTeam "Kromeriz Slavia"]
[BlackTeam "Brno Moravska Slavia"]
[WhiteTeamCountry "CZE"]
[BlackTeamCountry "CZE"]

1. d4 d5 2. c4 e6 3. Nf3 Nf6 4. g3 Bb4+ 5. Bd2 Bd6 6. Bg2 Ne4 7. Nc3 Nxd2 8. Nxd2 c6 9. e4 dxe4 10. Ndxe4 Be7 11. 0-0 0-0 12. Re1 Nd7 13. d5 exd5 14. cxd5 Nb6 15. dxc6 bxc6 16. Qh5 Be6 17. Rad1 Qc7 18. Ng5 Bxg5 19. Qxg5 Rac8 20. Qc5 Nd7 21. Qd6 Nf6 22. Qxc7 Rxc7 23. b3 h6 24. Re5 Rfc8 25. Ra5 Kf8 26. h4 Bd5 27. Rc5 Bxg2 28. Kxg2 Rd7 29. Rxd7 Nxd7 30. Ra5 Rc7 31. Kf3 Ke7 32. Ke3 Nf6 33. Kf3 Kd6 34. Ne4+ Nxe4 35. Kxe4 Re7+ 36. Kd3 Rd7 37. h5 Kc7+ 38. Ke3 Kb6 39. Re5 a5 40. g4 Rd1 41. Rf5 f6 42. Rf4 Re1+ 43. Kd3 Kb5 44. Rc4 c5 45. a4+ Kc6 46. Re4 Rb1 47. Kc3 Rc1+ 48. Kd2 Rg1 49. f3 f5 50. Re6+ Kd5 51. Rg6 fxg4 52. fxg4 Kd4 53. Rxg7 Rg2+ 54. Ke1 Kc3 55. Kf1 Rd2 56. Rg6 Rd4 57. Rxh6 Rxg4 58. Rb6 c4 59. bxc4 Rxc4 60. h6 Rxa4 61. Rb5 Rh4 62. Rxa5 1/2-1/2

[Event "CZE-chT1W 2122"]
[Site "Czech Republic"]
[Date "2022.01.23"]
[Round "7.5"]
[White "Cerveny, Martin"]
[Black "Straka, Vojtech"]
[Result "1-0"]
[WhiteElo "2387"]
[BlackElo "2402"]
[PlyCount "97"]
[EventDate "2021.10.10"]
[EventType "team-tourn"]
[EventRounds "11"]
[EventCountry "CZE"]
[SourceTitle "EXT 2023"]
[Source "ChessBase"]
[SourceDate "2022.10.05"]
[SourceVersion "1"]
[SourceVersionDate "2022.10.05"]
[SourceQuality "1"]
[WhiteTeam "Lysa nad Labem III"]
[BlackTeam "Praha Oaza"]
[WhiteTeamCountry "CZE"]
[BlackTeamCountry "CZE"]

1. d4 d5 2. c4 c6 3. cxd5 cxd5 4. Nc3 Nf6 5. Bf4 Nc6 6. e3 a6 7. Bd3 Bg4 8. f3 Bh5 9. g4 Bg6 10. h4 e6 11. Bg5 Be7 12. Bxf6 Bxf6 13. g5 Be7 14. Bxg6 hxg6 15. f4 Qb6 16. Nge2 Qxb2 17. Rb1 Qa3 18. Rb3 Qa5 19. Rxb7 Bb4 20. Qb3 0-0 21. Kf2 Rab8 22. Rxb8 Rxb8 23. Qa4 Rb6 24. Qxa5 Bxa5 25. Na4 Rb4 26. Nc5 Rb2 27. a3 Ra2 28. Rb1 Rxa3 29. Rb7 Bb4 30. Rb6 Bxc5 31. dxc5 Ne7 32. Rb7 Nc6 33. Rb6 Ne7 34. Rb7 Nc6 35. Rc7 Na5 36. Rc8+ Kh7 37. Rf8 Ra2 38. Kf3 Rc2 39. Rxf7 Rxc5 40. Nd4 Rc3 41. Nxe6 Nc4 42. Rxg7+ Kh8 43. Rxg6 Nxe3 44. Rf6 d4 45. Rf8+ Kh7 46. Rf7+ Kg8 47. Rf8+ Kh7 48. h5 Nf5+ 49. Ke4 1-0

[Event "CZE-chT1W 2122"]
[Site "Czech Republic"]
[Date "2021.12.12"]
[Round "5.6"]
[White "Mladek, Richard"]
[Black "Straka, Vojtech"]
[Result "0-1"]
[WhiteElo "2365"]
[BlackElo "2402"]
[PlyCount "84"]
[EventDate "2021.10.10"]
[EventType "team-tourn"]
[EventRounds "11"]
[EventCountry "CZE"]
[SourceTitle "EXT 2023"]
[Source "ChessBase"]
[SourceDate "2022.10.05"]
[SourceVersion "1"]
[SourceVersionDate "2022.10.05"]
[SourceQuality "1"]
[WhiteTeam "Vlasim Spartak"]
[BlackTeam "Praha Oaza"]
[WhiteTeamCountry "CZE"]
[BlackTeamCountry "CZE"]

1. d4 d5 2. c4 e6 3. Nf3 Nf6 4. Nc3 Be7 5. Bf4 0-0 6. e3 b6 7. Bd3 Ba6 8. cxd5 Nxd5 9. Nxd5 Qxd5 10. 0-0 Qb7 11. Bxa6 Nxa6 12. Rc1 Rac8 13. Ne5 c5 14. dxc5 Nxc5 15. b4 Ne4 16. Qd4 Rfd8 17. Rxc8 Rxc8 18. b5 Nc3 19. Qd3 Nxa2 20. Qb3 Nb4 21. Rd1 a5 22. h3 Rd8 23. Rxd8+ Bxd8 24. Qc4 Be7 25. Nc6 Nd5 26. Be5 h6 27. Bd4 Bf6 28. e4 Bxd4 29. Qxd4 Nf6 30. Qd8+ Kh7 31. f3 a4 32. e5 Nd5 33. Qf8 Qd7 34. Qa3 Nf4 35. Qd6 Qxd6 36. exd6 a3 37. Nb4 e5 38. Kf2 Kg8 39. d7 Ne6 40. Ke3 Kf8 41. Kd2 Ke7 42. Nd5+ Kd6 0-1

[Event "CZE-chT1W 2122"]
[Site "Czech Republic"]
[Date "2021.11.28"]
[Round "4.1"]
[White "Straka, Vojtech"]
[Black "Stinka, Jakub"]
[Result "1/2-1/2"]
[WhiteElo "2402"]
[BlackElo "2285"]
[PlyCount "58"]
[EventDate "2021.10.10"]
[EventType "team-tourn"]
[EventRounds "11"]
[EventCountry "CZE"]
[SourceTitle "EXT 2023"]
[Source "ChessBase"]
[SourceDate "2022.10.05"]
[SourceVersion "1"]
[SourceVersionDate "2022.10.05"]
[SourceQuality "1"]
[WhiteTeam "Praha Oaza"]
[BlackTeam "Ceske Budejovice"]
[WhiteTeamCountry "CZE"]
[BlackTeamCountry "CZE"]

1. d4 Nf6 2. c4 e6 3. Nc3 Bb4 4. Qc2 0-0 5. Nf3 d5 6. cxd5 exd5 7. Bf4 c5 8. e3 Nc6 9. dxc5 Bg4 10. Be2 Bxc5 11. 0-0 Qe7 12. Rfd1 Rfd8 13. Bg5 Be6 14. Rac1 Rac8 15. Nxd5 Rxd5 16. Rxd5 Bxe3 17. Bxe3 Bxd5 18. a3 Re8 19. h3 h6 20. Qc5 Qxc5 21. Rxc5 Rd8 22. Rc1 Be4 23. Nd2 Bd3 24. Bf3 Nd5 25. Nb3 Ne5 26. Bxd5 Rxd5 27. Bxa7 Rb5 28. Rc5 Rxb3 29. Rxe5 Rxb2 1/2-1/2

[Event "CZE-chT 2122"]
[Site "Czech Republic"]
[Date "2021.11.07"]
[Round "4.6"]
[White "Rabatin, Jakub"]
[Black "Straka, Vojtech"]
[Result "1/2-1/2"]
[WhiteElo "2337"]
[BlackElo "2402"]
[PlyCount "91"]
[EventDate "2021.10.15"]
[EventType "team-tourn"]
[EventRounds "15"]
[EventCountry "CZE"]
[SourceTitle "EXT 2023"]
[Source "ChessBase"]
[SourceDate "2022.10.05"]
[SourceVersion "1"]
[SourceVersionDate "2022.10.05"]
[SourceQuality "1"]
[WhiteTeam "Frydek Mistek II"]
[BlackTeam "Brno Moravska Slavia"]
[WhiteTeamCountry "CZE"]
[BlackTeamCountry "CZE"]

1. d4 d5 2. c4 c6 3. Nf3 Nf6 4. Nc3 dxc4 5. a4 Bf5 6. e3 e6 7. Bxc4 Bb4 8. 0-0 0-0 9. Qe2 Nbd7 10. e4 Bg6 11. Bd3 a5 12. e5 Nd5 13. Nxd5 cxd5 14. Bxg6 fxg6 15. Be3 Qb6 16. Ng5 Be7 17. Nh3 Rfc8 18. Qg4 Nf8 19. Nf4 Rc6 20. h4 Qd8 21. g3 Qe8 22. Rac1 Rac8 23. b3 Rxc1 24. Rxc1 Rxc1+ 25. Bxc1 Qc6 26. Qd1 g5 27. hxg5 Bxg5 28. Nd3 Bxc1 29. Qxc1 Qxc1+ 30. Nxc1 Ng6 31. Ne2 Ne7 32. Kg2 Kf7 33. g4 g6 34. Nc3 Nc6 35. Nb5 b6 36. Kg3 g5 37. Kf3 Ke7 38. Ke3 Nb4 39. Kd2 Nc6 40. Kc3 Kd7 41. Nd6 Nd8 42. Kd3 h6 43. Kc3 Nc6 44. Nf7 Ke7 45. Nd6 Kd7 46. Nf7 1/2-1/2